[Event "Hessenliga 0708"]
[Site "Germany"]
[Date "2008.03.02"]
[Round "7.4"]
[White "Prange, Dieter"]
[Black "Koeller, Oliver"]
[Result "1/2-1/2"]
[WhiteElo "2129"]
[BlackElo "2200"]
[PlyCount "50"]
[EventDate "2007.09.30"]
[EventType "team"]
[EventRounds "9"]
[EventCountry "GER"]
[SourceTitle "EXT 2009"]
[Source "ChessBase"]
[SourceDate "2008.11.26"]
[SourceVersion "1"]
[SourceVersionDate "2008.11.26"]
[SourceQuality "1"]
[WhiteTeam "Marburg"]
[BlackTeam "Koenig Nied"]
[WhiteTeamCountry "GER"]
[BlackTeamCountry "GER"]

1. e4 c5 2. Nf3 Nc6 3. d4 cxd4 4. Nxd4 g6 5. Be3 Bg7 6. Nc3 Nf6 7. Be2 0-0 8. 0-0 d5 9. exd5 Nxd5 10. Nxd5 Qxd5 11. Bf3 Qa5 12. Nxc6 bxc6 13. c3 Rb8 14. b4 Qc7 15. Rc1 Be6 16. Qa4 Bc4 17. Rfe1 Rfc8 18. Qxa7 Qxa7 19. Bxa7 Ra8 20. Rxe7 Bf6 21. Rd7 Be6 22. Rb7 Bxa2 23. Be3 Bd5 24. Bg4 Rd8 25. c4 Bb2 1/2-1/2

[Event "Hessenliga 0708"]
[Site "Germany"]
[Date "2008.02.10"]
[Round "6.5"]
[White "Kreiling, Carsten"]
[Black "Koeller, Oliver"]
[Result "1/2-1/2"]
[WhiteElo "2139"]
[BlackElo "2200"]
[PlyCount "60"]
[EventDate "2007.09.30"]
[EventType "team"]
[EventRounds "9"]
[EventCountry "GER"]
[SourceTitle "EXT 2009"]
[Source "ChessBase"]
[SourceDate "2008.11.26"]
[SourceVersion "1"]
[SourceVersionDate "2008.11.26"]
[SourceQuality "1"]
[WhiteTeam "Eppstein"]
[BlackTeam "Koenig Nied"]
[WhiteTeamCountry "GER"]
[BlackTeamCountry "GER"]

1. d4 Nf6 2. Nf3 g6 3. c4 Bg7 4. Nc3 0-0 5. e3 d6 6. Be2 Nbd7 7. 0-0 e5 8. Qc2 Re8 9. b3 c6 10. Ba3 e4 11. Nd2 Qe7 12. Rae1 Nf8 13. f3 exf3 14. Bxf3 Ne6 15. Nde4 Nxe4 16. Nxe4 c5 17. dxc5 dxc5 18. Bb2 f5 19. Nc3 Ng5 20. Nd5 Nxf3+ 21. Rxf3 Qf7 22. e4 Be6 23. Bxg7 Qxg7 24. e5 Bxd5 25. cxd5 Rxe5 26. Rxe5 Qxe5 27. Qxc5 b6 28. Qc4 Rd8 29. d6+ Kh8 30. Qc3 Qxc3 1/2-1/2

[Event "Auckland op"]
[Site "Auckland"]
[Date "2004.01.23"]
[Round "9"]
[White "Wang, Puchen"]
[Black "Koeller, Oliver"]
[Result "0-1"]
[WhiteElo "2181"]
[BlackElo "2224"]
[PlyCount "100"]
[EventDate "2004.01.??"]
[EventType "swiss"]
[EventRounds "9"]
[EventCountry "NZL"]
[SourceTitle "CBM 098 Extra"]
[Source "ChessBase"]
[SourceDate "2004.03.10"]
[SourceVersion "2"]
[SourceVersionDate "2004.03.10"]
[SourceQuality "1"]

1. d4 g6 2. e4 Bg7 3. Nc3 d6 4. Bg5 c6 5. Qd2 Nd7 6. f4 b5 7. Nf3 Nb6 8. Bd3 Nc4 9. Bxc4 bxc4 10. 0-0 Qb6 11. e5 d5 12. Na4 Qc7 13. Nc5 Bg4 14. e6 Bxe6 15. Nxe6 fxe6 16. Rfe1 Qd7 17. Ne5 Qc7 18. b3 Nf6 19. bxc4 Ne4 20. Qd3 Bxe5 21. dxe5 Qb6+ 22. Qe3 Rb8 23. cxd5 exd5 24. Qxb6 Rxb6 25. Rab1 Kd7 26. Rb3 Ke6 27. Bh4 Rf8 28. Bg3 Kf5 29. Bh4 Ke6 30. Bg3 Nxg3 31. hxg3 h5 32. Kf2 Kf5 33. Kf3 Rfb8 34. e6 Rd8 35. Re5+ Kf6 36. g4 hxg4+ 37. Kxg4 Rd6 38. Rbe3 Rb2 39. Re2 Rxa2 40. f5 Ra4+ 41. Kf3 gxf5 42. c3 Re4 43. R5xe4 dxe4+ 44. Kf4 Rxe6 45. g4 fxg4 46. Kxg4 Ke5 47. Ra2 Rg6+ 48. Kh3 e3 49. Rxa7 e2 50. Rxe7+ Re6 0-1

[Event "Auckland op"]
[Site "Auckland"]
[Date "2004.01.21"]
[Round "5"]
[White "Reilly, Tim"]
[Black "Koeller, Oliver"]
[Result "1-0"]
[WhiteElo "2297"]
[BlackElo "2224"]
[PlyCount "63"]
[EventDate "2004.01.??"]
[EventType "swiss"]
[EventRounds "9"]
[EventCountry "NZL"]
[SourceTitle "CBM 098 Extra"]
[Source "ChessBase"]
[SourceDate "2004.03.10"]
[SourceVersion "2"]
[SourceVersionDate "2004.03.10"]
[SourceQuality "1"]

1. d4 Nf6 2. c4 g6 3. Nc3 Bg7 4. e4 0-0 5. Be3 c6 6. e5 Ne8 7. f4 d6 8. Nf3 f6 9. Be2 dxe5 10. dxe5 Qxd1+ 11. Rxd1 fxe5 12. Nxe5 Bxe5 13. fxe5 Ng7 14. Bg5 Nd7 15. Bxe7 Re8 16. Ba3 Nf5 17. Rd2 Nxe5 18. 0-0 Be6 19. b3 Red8 20. Rfd1 Nf7 21. Ne4 Rxd2 22. Rxd2 Rd8 23. Rxd8+ Nxd8 24. Bb2 h5 25. Kf2 Kf8 26. Kf3 Nf7 27. Kf4 Ke7 28. Ba3+ Kd8 29. Ng5 Nd4 30. Bd3 Nxg5 31. Kxg5 Bf7 32. Kf6 1-0

[Event "Auckland op"]
[Site "Auckland"]
[Date "2004.01.20"]
[Round "3"]
[White "Gibbons, Robert"]
[Black "Koeller, Oliver"]
[Result "0-1"]
[WhiteElo "2088"]
[BlackElo "2224"]
[PlyCount "54"]
[EventDate "2004.01.??"]
[EventType "swiss"]
[EventRounds "9"]
[EventCountry "NZL"]
[SourceTitle "CBM 098 Extra"]
[Source "ChessBase"]
[SourceDate "2004.03.10"]
[SourceVersion "2"]
[SourceVersionDate "2004.03.10"]
[SourceQuality "1"]

1. b4 c6 2. e3 Qb6 3. a3 a5 4. b5 d5 5. c4 Nf6 6. d4 Bg4 7. f3 Bf5 8. c5 Qc7 9. b6 Qd8 10. Bd3 Bxd3 11. Qxd3 Nbd7 12. Bb2 e5 13. Nd2 exd4 14. exd4 g6 15. Kf2 Be7 16. Ne2 0-0 17. a4 Re8 18. Rhe1 Nxc5 19. dxc5 Bxc5+ 20. Kf1 Re3 21. Qb1 Qe7 22. Qc1 Re8 23. Bxf6 Qxf6 24. Qxc5 Rxe2 25. Qc1 Rxe1+ 26. Qxe1 Rxe1+ 27. Rxe1 Qd4 0-1

[Event "Hessenliga 0203"]
[Site "Germany"]
[Date "2003.01.19"]
[Round "5.3"]
[White "Stelzer, Harald"]
[Black "Koeller, Oliver"]
[Result "1-0"]
[WhiteElo "2283"]
[BlackElo "2247"]
[PlyCount "73"]
[EventDate "2002.10.??"]
[EventType "team"]
[EventRounds "9"]
[EventCountry "GER"]
[SourceTitle "EXT 2004"]
[Source "ChessBase"]
[SourceDate "2003.11.25"]
[SourceVersion "1"]
[SourceVersionDate "2003.11.25"]
[SourceQuality "1"]
[WhiteTeam "Bensheim"]
[BlackTeam "Baunatal"]
[WhiteTeamCountry "GER"]
[BlackTeamCountry "GER"]

1. e4 c5 2. Nf3 d6 3. d4 cxd4 4. Nxd4 Nf6 5. Nc3 a6 6. Bd3 e5 7. Nb3 Be7 8. Qe2 b5 9. Bg5 Nbd7 10. h4 Bb7 11. f3 0-0 12. g4 b4 13. Nd1 d5 14. Nf2 a5 15. exd5 a4 16. Nd2 Nxd5 17. Be4 Rc8 18. Nd3 f6 19. Be3 Kh8 20. Rc1 a3 21. Bxd5 Bxd5 22. b3 Bb7 23. Bf2 Nb6 24. 0-0 Nd5 25. Ne4 Ba6 26. Rfd1 Nc3 27. Nxc3 Rxc3 28. Qe4 Qb8 29. Be1 Bb7 30. Qe2 Rc7 31. Bxb4 Bxb4 32. Nxb4 Qa8 33. Kf2 Re7 34. c4 e4 35. Nd5 exf3 36. Qxe7 Qa7+ 37. Ne3 1-0

[Event "Bad Zwesten op 7th"]
[Site "Bad Zwesten"]
[Date "2003.??.??"]
[Round "5"]
[White "Koeller, Oliver"]
[Black "Bolte, Christoph Matt"]
[Result "1/2-1/2"]
[WhiteElo "2250"]
[BlackElo "2097"]
[PlyCount "36"]
[EventDate "2003.01.02"]
[EventType "swiss"]
[EventRounds "9"]
[EventCountry "GER"]
[SourceTitle "CBM 092 Extra"]
[Source "ChessBase"]
[SourceDate "2003.03.07"]
[SourceVersion "1"]
[SourceVersionDate "2003.03.07"]
[SourceQuality "1"]

1. e4 e6 2. Nf3 d5 3. Nc3 Nf6 4. e5 Nfd7 5. d4 c5 6. dxc5 Bxc5 7. Bd3 Nc6 8. Bf4 b6 9. 0-0 Bb7 10. Qd2 Rc8 11. a3 Be7 12. Rfe1 Nc5 13. b4 Nxd3 14. cxd3 Nxb4 15. axb4 Bxb4 16. Rxa7 Bxc3 17. Qa2 Qd7 18. Rb1 b5 1/2-1/2

[Event "Bad Zwesten op 7th"]
[Site "Bad Zwesten"]
[Date "2003.??.??"]
[Round "3"]
[White "Koeller, Oliver"]
[Black "Diehl, Klaus"]
[Result "1/2-1/2"]
[WhiteElo "2250"]
[BlackElo "2084"]
[PlyCount "55"]
[EventDate "2003.01.02"]
[EventType "swiss"]
[EventRounds "9"]
[EventCountry "GER"]
[SourceTitle "CBM 092 Extra"]
[Source "ChessBase"]
[SourceDate "2003.03.07"]
[SourceVersion "1"]
[SourceVersionDate "2003.03.07"]
[SourceQuality "1"]

1. e4 e5 2. Nf3 Nc6 3. d4 exd4 4. Nxd4 g6 5. Nc3 Bg7 6. Be3 Nf6 7. Be2 0-0 8. 0-0 Re8 9. Nxc6 bxc6 10. Bf3 Rb8 11. Rb1 a5 12. Qd2 Qe7 13. Rfe1 Qb4 14. a3 Qf8 15. Bf4 d6 16. e5 Nd5 17. Nxd5 cxd5 18. Qxd5 dxe5 19. Bxe5 Qe7 20. Bc3 Rxb2 21. Rbd1 Be6 22. Bxg7 Kxg7 23. Qxa5 Rxc2 24. Qe5+ Qf6 25. Qxf6+ Kxf6 26. Ra1 Rd8 27. a4 Ba2 28. Rec1 1/2-1/2

[Event "Bad Zwesten op 7th"]
[Site "Bad Zwesten"]
[Date "2003.??.??"]
[Round "8"]
[White "Koeller, Oliver"]
[Black "Wang, Yu A"]
[Result "0-1"]
[WhiteElo "2250"]
[BlackElo "2368"]
[PlyCount "76"]
[EventDate "2003.01.02"]
[EventType "swiss"]
[EventRounds "9"]
[EventCountry "GER"]
[SourceTitle "CBM 092 Extra"]
[Source "ChessBase"]
[SourceDate "2003.03.07"]
[SourceVersion "1"]
[SourceVersionDate "2003.03.07"]
[SourceQuality "1"]

1. e4 e5 2. Nf3 Nc6 3. d4 exd4 4. Nxd4 Nf6 5. Nxc6 bxc6 6. Bd3 d5 7. e5 Ng4 8. 0-0 Bc5 9. Qe2 Qe7 10. Bf4 g5 11. Bd2 Nxe5 12. Re1 Bd6 13. Nc3 Be6 14. Qh5 h6 15. h3 Kd7 16. Ne2 Rag8 17. Nd4 c5 18. Nxe6 fxe6 19. Re3 Qf6 20. Rae1 Rf8 21. Qe2 c4 22. Bc3 cxd3 23. Rxd3 Qxf2+ 24. Qxf2 Rxf2 25. Bxe5 Rhf8 26. Bxd6 Kxd6 27. Rde3 Rxc2 28. Rxe6+ Kc5 29. R6e2 Rxe2 30. Rxe2 d4 31. Re7 Kd6 32. Re4 c5 33. h4 Kd5 34. Rg4 Rf5 35. hxg5 hxg5 36. Rg3 c4 37. Rf3 Rxf3 38. gxf3 c3 0-1

[Event "Donau op 11th"]
[Site "Aschach"]
[Date "2002.12.31"]
[Round "7"]
[White "Jurek, Josef"]
[Black "Koeller, Oliver"]
[Result "1-0"]
[WhiteElo "2350"]
[BlackElo "2250"]
[PlyCount "111"]
[EventDate "2002.12.26"]
[EventType "swiss"]
[EventRounds "7"]
[EventCountry "AUT"]
[SourceTitle "CBM 091 Extra"]
[Source "ChessBase"]
[SourceDate "2003.01.09"]
[SourceVersion "1"]
[SourceVersionDate "2003.01.09"]
[SourceQuality "1"]

1. Nf3 g6 2. d4 Nf6 3. c4 Bg7 4. g3 0-0 5. Bg2 d6 6. Nc3 c6 7. 0-0 Qa5 8. h3 Be6 9. d5 cxd5 10. Nd4 Bd7 11. Nb3 Qa6 12. cxd5 Rc8 13. e4 Be8 14. Re1 Nbd7 15. Bf1 Qb6 16. Be3 Qd8 17. Bd4 a6 18. a4 Ne5 19. Nd2 b5 20. axb5 axb5 21. Rxa8 Rxa8 22. Nxb5 Qa5 23. Bc3 Qb6 24. Nd4 Ra4 25. Nc2 h5 26. b3 Ra2 27. Kg2 Bb5 28. Bxb5 Qxb5 29. Nb4 Ra8 30. Qe2 Qc5 31. Nb1 h4 32. g4 Bh6 33. Nd3 Nxd3 34. Qxd3 Nd7 35. b4 Qb6 36. Qc4 Bf4 37. Bd4 Ne5 38. Bxe5 Bxe5 39. Nd2 Ra4 40. Rb1 Qa7 41. Rc1 Bf4 42. Rc2 Qb7 43. Qc6 Rxb4 44. Qe8+ Kg7 45. Rc8 Qxc8 46. Qxc8 Bxd2 47. Qc2 f6 48. Qxd2 Rxe4 49. f3 Re5 50. f4 Re4 51. Kf3 Ra4 52. Qe1 Ra3+ 53. Kg2 Rg3+ 54. Kh2 Kf8 55. Qe4 Kf7 56. g5 1-0

[Event "Hessenliga 0203"]
[Site "Germany"]
[Date "2002.12.01"]
[Round "4.3"]
[White "Koeller, Oliver"]
[Black "Sehrt, Juergen"]
[Result "1-0"]
[WhiteElo "2247"]
[BlackElo "2217"]
[PlyCount "67"]
[EventDate "2002.10.??"]
[EventType "team"]
[EventRounds "9"]
[EventCountry "GER"]
[SourceTitle "EXT 2004"]
[Source "ChessBase"]
[SourceDate "2003.11.25"]
[SourceVersion "1"]
[SourceVersionDate "2003.11.25"]
[SourceQuality "1"]
[WhiteTeam "Baunatal"]
[BlackTeam "Giessen"]
[WhiteTeamCountry "GER"]
[BlackTeamCountry "GER"]

1. e4 c5 2. Nc3 Nc6 3. Nf3 Nf6 4. d4 cxd4 5. Nxd4 e6 6. Ndb5 d6 7. Bf4 e5 8. Bg5 a6 9. Na3 b5 10. Bxf6 gxf6 11. Nd5 Be6 12. Bd3 Bg7 13. 0-0 f5 14. Qh5 Rc8 15. c4 bxc4 16. Nxc4 fxe4 17. Bxe4 Ne7 18. Nce3 Nxd5 19. Nxd5 Rc4 20. Qe2 Rd4 21. Rad1 0-0 22. Rxd4 exd4 23. Qh5 f5 24. Bf3 Rf7 25. b3 Be5 26. Qh6 Bf6 27. Re1 Bd7 28. Qh5 Be5 29. Qh6 Qa5 30. b4 Qxa2 31. Nc7 Be6 32. Nxe6 d3 33. Qg5+ Kh8 34. Qd8+ 1-0

[Event "FRA-chT2O 0203"]
[Site "France"]
[Date "2002.11.17"]
[Round "3.5"]
[White "Pucher, Sebastien"]
[Black "Koeller, Oliver"]
[Result "1/2-1/2"]
[WhiteElo "2059"]
[BlackElo "2250"]
[PlyCount "85"]
[EventDate "2002.10.??"]
[EventType "team"]
[EventRounds "11"]
[EventCountry "FRA"]
[SourceTitle "EXT 2004"]
[Source "ChessBase"]
[SourceDate "2003.11.25"]
[SourceVersion "1"]
[SourceVersionDate "2003.11.25"]
[SourceQuality "1"]
[WhiteTeam "Metz Fischer"]
[BlackTeam "Saverne"]
[WhiteTeamCountry "FRA"]
[BlackTeamCountry "FRA"]

1. e4 c5 2. Nf3 Nc6 3. d4 cxd4 4. c3 d3 5. c4 Nf6 6. Nc3 d6 7. Qxd3 g6 8. Be2 Bg7 9. 0-0 Bg4 10. Rd1 0-0 11. Rb1 Nd7 12. h3 Bxf3 13. Qxf3 Rc8 14. b3 Qa5 15. Bb2 Nd4 16. Qe3 Nxe2+ 17. Nxe2 a6 18. Bxg7 Kxg7 19. Nd4 Qe5 20. Nf3 Qf6 21. Rd5 Rfe8 22. Rbd1 Rc7 23. g4 h6 24. h4 Qe6 25. g5 hxg5 26. Rxg5 Nf6 27. e5 dxe5 28. Nxe5 Rh8 29. Nxg6 Qxe3 30. Nf4+ Kf8 31. Rd8+ Ne8 32. fxe3 Rxh4 33. Nd5 Rc6 34. Kf1 e6 35. Nf4 Ke7 36. Rb8 Rc7 37. Re5 Kf6 38. Re4 Nd6 39. Nd5+ exd5 40. Rxh4 dxc4 41. Rh6+ Ke5 42. bxc4 Nxc4 43. Re8+ 1/2-1/2

[Event "FRA-chT2O 0203"]
[Site "France"]
[Date "2002.11.16"]
[Round "2.5"]
[White "Gitzinger, Gregory"]
[Black "Koeller, Oliver"]
[Result "1-0"]
[WhiteElo "2213"]
[BlackElo "2250"]
[PlyCount "63"]
[EventDate "2002.10.??"]
[EventType "team"]
[EventRounds "11"]
[EventCountry "FRA"]
[SourceTitle "EXT 2004"]
[Source "ChessBase"]
[SourceDate "2003.11.25"]
[SourceVersion "1"]
[SourceVersionDate "2003.11.25"]
[SourceQuality "1"]
[WhiteTeam "Metz Fischer II"]
[BlackTeam "Saverne"]
[WhiteTeamCountry "FRA"]
[BlackTeamCountry "FRA"]

1. e4 c5 2. Nf3 Nc6 3. d4 cxd4 4. Nxd4 g6 5. c4 d6 6. Be2 Bg7 7. Be3 Nf6 8. Nc3 0-0 9. 0-0 Bd7 10. h3 Nxd4 11. Bxd4 Bc6 12. Bd3 a5 13. Re1 Nd7 14. Bxg7 Kxg7 15. Bf1 Kg8 16. Qd4 Re8 17. Re3 a4 18. Rae1 Qa5 19. Rg3 Rac8 20. h4 Qc7 21. Qd2 Kg7 22. h5 Ne5 23. b3 axb3 24. axb3 Ra8 25. Nd5 Bxd5 26. exd5 Ra3 27. hxg6 hxg6 28. Rh3 Rh8 29. Rxh8 Kxh8 30. Re3 Kg8 31. Rh3 Ng4 32. Qb2 1-0

[Event "Bad Zwesten op 6th"]
[Site "Bad Zwesten"]
[Date "2002.01.07"]
[Round "5"]
[White "Lauer, Boris"]
[Black "Koeller, Oliver"]
[Result "0-1"]
[WhiteElo "1814"]
[BlackElo "2269"]
[PlyCount "110"]
[EventDate "2002.01.04"]
[EventType "swiss"]
[EventRounds "9"]
[EventCountry "GER"]
[SourceTitle "CBM 086 Extra"]
[Source "ChessBase"]
[SourceDate "2002.03.14"]
[SourceVersion "1"]
[SourceVersionDate "2002.03.14"]
[SourceQuality "1"]

1. c4 Nf6 2. Nc3 e5 3. g3 d5 4. cxd5 Nxd5 5. Bg2 Nb6 6. Nf3 Nc6 7. d3 Be7 8. Bd2 0-0 9. 0-0 Be6 10. Rc1 f6 11. a3 Qd7 12. Ne4 Rfd8 13. Nc5 Bxc5 14. Rxc5 e4 15. Ne1 Nd4 16. Bf4 exd3 17. Nxd3 c6 18. Re1 Bb3 19. Qd2 Nxe2+ 20. Qxe2 Qxd3 21. Qh5 Bf7 22. Be4 Bxh5 23. Bxd3 Rxd3 24. Rxh5 Nd5 25. Bc1 Rd8 26. Kg2 h6 27. Rh4 Kf7 28. Ra4 a6 29. Rae4 Rd7 30. R1e2 Rd1 31. Bd2 f5 32. Re5 Rxd2 33. Rxd2 Ne3+ 34. Rxe3 Rxd2 35. Rb3 Rd7 36. Re3 Rd2 37. Rb3 Rd7 38. Re3 Rd5 39. Kf3 c5 40. b3 b5 41. Ke2 Kf6 42. f4 Rd4 43. Rc3 c4 44. bxc4 bxc4 45. Rc1 g5 46. Rb1 Re4+ 47. Kf3 gxf4 48. gxf4 c3 49. Rb8 Rc4 50. Rb6+ Kf7 51. Rb1 c2 52. Rc1 Ke6 53. Ke3 Kd5 54. Kd3 a5 55. h3 a4 0-1

[Event "Bad Zwesten op 6th"]
[Site "Bad Zwesten"]
[Date "2002.01.06"]
[Round "4"]
[White "Koeller, Oliver"]
[Black "Stein, Marco"]
[Result "0-1"]
[WhiteElo "2269"]
[BlackElo "2078"]
[PlyCount "54"]
[EventDate "2002.01.04"]
[EventType "swiss"]
[EventRounds "9"]
[EventCountry "GER"]
[SourceTitle "CBM 086 Extra"]
[Source "ChessBase"]
[SourceDate "2002.03.14"]
[SourceVersion "1"]
[SourceVersionDate "2002.03.14"]
[SourceQuality "1"]

1. e4 c5 2. Nf3 d6 3. d4 cxd4 4. Nxd4 Nf6 5. Nc3 g6 6. Be3 Bg7 7. f3 0-0 8. Qd2 Nc6 9. Bc4 Bd7 10. h4 Rc8 11. Bb3 h5 12. 0-0-0 Ne5 13. Bg5 Rc5 14. Rhe1 b5 15. Kb1 a5 16. a4 bxa4 17. Nxa4 Bxa4 18. Bxa4 Nc4 19. Qd3 Qb6 20. Qb3 Qxb3 21. Bxb3 Rb8 22. Bxc4 Rxc4 23. c3 Rxc3 24. e5 dxe5 25. Rxe5 e6 26. Rxa5 Nd5 27. Ra4 Rxf3 0-1

[Event "Oberliga Ost-B 0001"]
[Site "Germany"]
[Date "2000.12.10"]
[Round "4.2"]
[White "Schneider, Heiko"]
[Black "Koeller, Oliver"]
[Result "1/2-1/2"]
[WhiteElo "2278"]
[BlackElo "2280"]
[PlyCount "28"]
[EventDate "2000.10.15"]
[EventType "team"]
[EventRounds "11"]
[EventCountry "GER"]
[SourceTitle "EXT 2002"]
[Source "ChessBase"]
[SourceDate "2001.11.25"]
[SourceVersion "1"]
[SourceVersionDate "2001.11.25"]
[SourceQuality "1"]
[WhiteTeam "Moerlenbach"]
[BlackTeam "Steinbach"]
[WhiteTeamCountry "GER"]
[BlackTeamCountry "GER"]

1. e4 c5 2. Nf3 d6 3. d4 cxd4 4. Nxd4 Nf6 5. Nc3 g6 6. Be3 Bg7 7. f3 0-0 8. Qd2 Nc6 9. 0-0-0 Nxd4 10. Bxd4 Be6 11. Kb1 Qc7 12. g4 Rfc8 13. h4 Qa5 14. Nd5 Qxd2 1/2-1/2

[Event "Oberliga Ost-B 9900"]
[Site "Germany"]
[Date "2000.04.09"]
[Round "11.2"]
[White "Kalod, Radek"]
[Black "Koeller, Oliver"]
[Result "1/2-1/2"]
[WhiteElo "2440"]
[BlackElo "2293"]
[PlyCount "112"]
[EventDate "1999.10.??"]
[EventType "team"]
[EventRounds "11"]
[EventCountry "GER"]
[SourceTitle "EXT 2002"]
[Source "ChessBase"]
[SourceDate "2001.11.25"]
[SourceVersion "1"]
[SourceVersionDate "2001.11.25"]
[SourceQuality "1"]

1. c4 Nf6 2. Nf3 g6 3. Nc3 Bg7 4. e4 0-0 5. d4 c6 6. Be2 d5 7. e5 Ne4 8. 0-0 Nxc3 9. bxc3 dxc4 10. Bxc4 c5 11. h3 Nc6 12. Re1 Na5 13. Bf1 Be6 14. Qa4 Bd5 15. Ba3 cxd4 16. Nxd4 Nc6 17. Rad1 Nxd4 18. Rxd4 Bc6 19. Rxd8 Bxa4 20. Rxa8 Rxa8 21. Bxe7 Rc8 22. c4 b6 23. f4 Bf8 24. Bxf8 Kxf8 25. Re3 Bd7 26. Ra3 Be6 27. Rxa7 Bxc4 28. Bxc4 Rxc4 29. g3 h5 30. Ra3 h4 31. Kg2 Kg7 32. Kf3 hxg3 33. Kxg3 Rc7 34. Rb3 Ra7 35. a3 Ra4 36. Kg4 Kh6 37. h4 Ra5 38. h5 gxh5+ 39. Kf5 Kg7 40. Rg3+ Kf8 41. Kf6 Ra4 42. f5 b5 43. Rd3 Ke8 44. Rd6 h4 45. Rb6 h3 46. Rb8+ Kd7 47. Rh8 Rxa3 48. Kxf7 Re3 49. e6+ Kd6 50. Rd8+ Ke5 51. e7 Kxf5 52. Rd5+ Kg4 53. Rxb5 Rxe7+ 54. Kxe7 h2 55. Rb1 Kg3 56. Kf6 Kg2 1/2-1/2

[Event "Oberliga Ost-B 9900"]
[Site "Germany"]
[Date "2000.04.08"]
[Round "10.2"]
[White "Koeller, Oliver"]
[Black "Nedela, Vlastimil"]
[Result "0-1"]
[WhiteElo "2293"]
[BlackElo "2405"]
[PlyCount "88"]
[EventDate "1999.10.??"]
[EventType "team"]
[EventRounds "11"]
[EventCountry "GER"]
[SourceTitle "EXT 2002"]
[Source "ChessBase"]
[SourceDate "2001.11.25"]
[SourceVersion "1"]
[SourceVersionDate "2001.11.25"]
[SourceQuality "1"]

1. Nf3 Nf6 2. d4 g6 3. Bg5 Bg7 4. Nbd2 0-0 5. c3 h6 6. Bh4 d6 7. e4 Nh5 8. Bc4 c6 9. 0-0 b5 10. Bb3 Bb7 11. Qe2 Nd7 12. Rfe1 a6 13. Rad1 c5 14. e5 dxe5 15. dxe5 c4 16. Bc2 Nf4 17. Qe3 Nd5 18. Qe2 Nc5 19. Ne4 Qc7 20. Bg3 Ne6 21. Qf1 Qb6 22. Nd4 Nef4 23. e6 f5 24. Nd2 Nxg2 25. Qxg2 Nxc3 26. N4f3 Nxd1 27. Rxd1 f4 28. Bh4 g5 29. Bxg5 hxg5 30. Qh3 Rf6 31. Nxg5 Rd8 32. Qh7+ Kf8 33. Qh5 Kg8 34. Qh7+ Kf8 35. Qh5 Qc7 36. Nh7+ Kg8 37. Nxf6+ exf6 38. Qh7+ Kf8 39. Qf5 Rd5 40. Qh7 Rg5+ 41. Kf1 Bg2+ 42. Ke1 f5 43. f3 c3 44. bxc3 Qxc3 0-1

[Event "Oberliga Ost-B 9900"]
[Site "Germany"]
[Date "2000.01.09"]
[Round "5.2"]
[White "Reschke, Stefan"]
[Black "Koeller, Oliver"]
[Result "1-0"]
[WhiteElo "2341"]
[BlackElo "2293"]
[PlyCount "25"]
[EventDate "1999.10.??"]
[EventType "team"]
[EventRounds "11"]
[EventCountry "GER"]
[SourceTitle "EXT 2002"]
[Source "ChessBase"]
[SourceDate "2001.11.25"]
[SourceVersion "1"]
[SourceVersionDate "2001.11.25"]
[SourceQuality "1"]

1. d4 Nf6 2. c4 g6 3. g3 Bg7 4. Bg2 0-0 5. Nc3 d6 6. Nf3 c6 7. 0-0 Qa5 8. e4 e5 9. h3 Nbd7 10. Re1 Qb4 11. Bf1 a5 12. Na4 Nb6 13. a3 1-0

[Event "AUT-chT2M 0001"]
[Site "Austria"]
[Date "2000.??.??"]
[Round "5"]
[White "Koeller, Oliver"]
[Black "Hiermann, Dietmar"]
[Result "1/2-1/2"]
[WhiteElo "2280"]
[BlackElo "2285"]
[PlyCount "26"]
[EventDate "2000.??.??"]
[EventType "team"]
[EventRounds "9"]
[EventCountry "AUT"]
[SourceTitle "EXT 2003"]
[Source "ChessBase"]
[SourceDate "2002.11.25"]
[SourceVersion "1"]
[SourceVersionDate "2002.11.25"]
[SourceQuality "1"]

1. e4 e5 2. Nf3 Nc6 3. d4 exd4 4. Nxd4 Qh4 5. Nb5 Bb4+ 6. c3 Ba5 7. Nd2 a6 8. Na3 b5 9. Bd3 Bb6 10. 0-0 Bb7 11. Nf3 Qh5 12. Nc2 Nge7 13. Be3 Bxe3 1/2-1/2

[Event "Donau op-A 08th"]
[Site "Aschach"]
[Date "1999.12.30"]
[Round "7"]
[White "Koeller, Oliver"]
[Black "Kreischer, Georg"]
[Result "1-0"]
[WhiteElo "2293"]
[BlackElo "2155"]
[PlyCount "51"]
[EventDate "1999.12.26"]
[EventType "swiss"]
[EventRounds "7"]
[EventCountry "AUT"]
[SourceTitle "CBM 073 Extra"]
[Source "ChessBase"]
[SourceDate "2000.01.11"]
[SourceVersion "1"]
[SourceVersionDate "2000.01.11"]
[SourceQuality "1"]

1. e4 e6 2. d4 d5 3. Nd2 dxe4 4. Nxe4 Nd7 5. Bd3 Ngf6 6. Qe2 Be7 7. Nf3 0-0 8. Nxf6+ Bxf6 9. h4 Re8 10. Qe4 Nf8 11. Bg5 h6 12. Bxf6 Qxf6 13. Ne5 Rb8 14. Rh3 Qe7 15. 0-0-0 Bd7 16. g4 c6 17. g5 h5 18. Rf3 Red8 19. Rxf7 Qd6 20. g6 Be8 21. Qf3 Nd7 22. Qxh5 Bxf7 23. gxf7+ Kf8 24. Ng6+ Kxf7 25. Ne5+ Kg8 26. Bh7+ 1-0

[Event "Bad Zwesten op 3rd"]
[Site "Bad Zwesten"]
[Date "1999.01.06"]
[Round "8"]
[White "Kiese, Matthias"]
[Black "Koeller, Oliver"]
[Result "1/2-1/2"]
[WhiteElo "2175"]
[BlackElo "2289"]
[PlyCount "73"]
[EventDate "1999.01.??"]
[EventType "swiss"]
[EventRounds "9"]
[EventCountry "GER"]
[SourceTitle "CBM 068 Extra"]
[Source "ChessBase"]
[SourceDate "1999.03.01"]
[SourceVersion "1"]
[SourceVersionDate "1999.03.01"]
[SourceQuality "1"]

1. d4 Nf6 2. c4 g6 3. Nc3 Bg7 4. e4 0-0 5. Nf3 c6 6. Be2 d5 7. e5 Ne4 8. Qb3 Nxc3 9. bxc3 dxc4 10. Bxc4 b5 11. Bd3 Be6 12. Qc2 Nd7 13. h4 f6 14. h5 fxe5 15. hxg6 exd4 16. Bh6 Bxh6 17. Rxh6 Nc5 18. Ne5 Qd5 19. gxh7+ Kg7 20. Rg6+ Kh8 21. Rg5 Bf5 22. Ng6+ Bxg6 23. Rxg6 e5 24. f3 dxc3 25. 0-0-0 Rad8 26. Rg8+ Rxg8 27. hxg8Q+ Qxg8 28. Rh1+ Kg7 29. Bh7 Qe6 30. Qf2 Qc4 31. Qg3+ Kf8 32. Qxe5 Qd4 33. Qf5+ Kg7 34. Qg5+ Kf8 35. Qg8+ Ke7 36. Qg5+ Kf8 37. Qg8+ 1/2-1/2